000 02419nam a2200241 4500
001 2162214035924060
003 UA-OsUOA
005 20230920100555.0
008 230920b un ||||| |||| 00| 0 ukr d
020 _a5894570042
040 _aUA-OsUOA
_bukr
_cUA-OsUOA
_dUA-OsUOA
041 _aukr
080 _a331.1
090 _a331.1
_bГ55
100 _aГлущенко Е. В.
245 _aТеория управления
_bуч. курс
_cЕ. В. Глущенко, Е. В. Захарова, Ю. В. Тихонравов
260 _aМосква
_bВестник
_c1997
300 _a336 с.
520 _aВ пособии рассматриваются междисциплинарные основы теории управления, её статус в системе наук, внутренняя структура, а также основные категории (управление, организация, бюрократия, коммуникация, конфликт, стимулирование, мотивация стратегия и т. п.) в контексте различных отраслей знания - менеджмента, социальной философии, юриспруденции, экономики, психологии, культурологии, социологии, этики и др. Книга содержит попытку всеохватной систематизации основных проблем дано тематики, разрабатывающихся в разных науках. Основное внимание при этом уделяется практическим средствам воздействия управляющего на управляемого, главным образом в контексте экономических отношений. Состояние: удовлетворительное, блок отклеился от обложки и разделился на две части, один лист выпадает, помета ручкой
650 _2UDC
_a331.1 Теорія і організація праці. Стосунки між адміністрацією та працівниками
942 _2udc
_cBK
999 _c575131
_d575131